| 000 | 00959nam a22003257a 4500 | ||
|---|---|---|---|
| 001 | BR2013005927 | ||
| 003 | BR-BrBNA | ||
| 005 | 20230928104226.0 | ||
| 007 | ta | ||
| 008 | 230509b bl.||||| |||| 00| 0 por d | ||
| 040 |
_aBR-BrBNA _bpor _cBiblioteca Nacional de Agricultura |
||
| 041 | _a(Por) | ||
| 072 |
_aQ03 _b9921 |
||
| 090 | _ 9921 BR2013005927 | ||
| 100 | 1 | _aAbreu, P.S. de | |
| 110 | 1 |
_aUniversidade Federal de Lavras, MG (Brasil) _0Tese (Mestrado) |
|
| 245 | 1 | _aIncidência de ocratoxina A em vinhos e avaliação da exposição aos consumidores | |
| 260 | 3 |
_aLavras, MG (Brasil): _c2013. |
|
| 300 | _a95 p. | ||
| 500 | _aSummaries (Eng, Por); Several bibliography, 10 tables | ||
| 650 | _aVINHO | ||
| 650 | _aOCRATOXINA | ||
| 650 | _aMICOTOXINA | ||
| 650 | _aFUNGO | ||
| 650 | _aANÁLISE DE RISCO | ||
| 650 | _aMICROBIOLOGIA DE ALIMENTO | ||
| 650 | _aSAÚDE PÚBLICA | ||
| 909 |
_a202309 _bLucia _c55 _dLucia Elande |
||
| 942 | _cBK | ||
| 999 |
_c78784 _d78784 |
||